000 00613cam a22002051 4500
001 2642060
005 20180224073149.0
008 760426s1966 nyuab 000 0 eng
010 _a 66015517
040 _aDLC
_cDLC
_dDLC
041 _aeng
080 _a635
082 0 0 _a635 EVE
100 _a9
101 _aMJE
245 1 0 _aReader's digest complete book of the garden.
_c[Prepared by the editors of the Reader's digest. General editor and technical advisor, Thomas H. Everett]
740 0 _aComplete book of the garden.
906 _a7
_bcbc
_corignew
_du
_eocip
_f19
_gy-gencatlg
942 _2ddc
_cBK
999 _c43374
_d43374